00382nam a22001457a 450000500170000000800410001702200130005804100120007108200120008310000120009524500250010726000500013230000290018265000250021120240821122520.0240821b |||||||| |||| 00| 0 eng d a20726678 aEnglish a349 NAM lEnglish aNamibia Law Journal  aWindhoek: bNamibia Law Journal Trust, c2011 biv, 134 pages; c25 cm.  aLegal practice bLaw